Random knowledge 2 (songs edition) - Statistics

General Stats
  • This quiz has been taken 8 times
  • The average score is 2 of 7
Answer Stats
Question Answer % Correct
The song Rainbow connection is sung by who or what? Kermit the frog
86%
What song by Elvis in the 50s is about a hotel and love? Heartbreak hotel
29%
What song has these lyrics: "Daddy works a long day" Pumped up kicks
29%
That thing above had tea with who on her birthday? Queen Elizabeth II
14%
in 1970 the ___5 released the great Christmas song which was what? Santa Claus Is Coming To Town
14%
In 1971 super____ was a smash hit. super great song, hanging on the wall? Superstition
14%
in 1979 what disco album was released? P.s it is used in hypnotherapy Ethel Merman Disco album
0%
No matching quizzes found
Score Distribution
Percent of People with Each Score
Percentile by Number Answered
Your Score History
You have not taken this quiz